La elección y reforma del episcopado español en tiempo de los Reyes Católicos / (Record no. 28073)

MARC details
000 -LEADER
campo de control de longitud fija 00635nam a2200169 i 4500
001 - NÚMERO DE CONTROL
campo de control 28073
003 - IDENTIFICADOR DE NÚMERO DE CONTROL
campo de control ES-MaACL
005 - FECHA Y HORA DE LA ÚLTIMA TRANSACCIÓN
campo de control 20230906153745.0
007 - CAMPO FIJO DE DESCRIPCIÓN FÍSICA--INFORMACIÓN GENERAL
campo de control de longitud fija t|
008 - DATOS DE LONGITUD FIJA--INFORMACIÓN GENERAL
campo de control de longitud fija 030116s1960 sp ||||1| spa d
100 1# - ENTRADA PRINCIPAL--NOMBRE DE PERSONA
Nombre de persona Azcona, Tarsicio de.
9 (RLIN) 24270
245 13 - MENCIÓN DEL TÍTULO
Título La elección y reforma del episcopado español en tiempo de los Reyes Católicos /
Mención de responsabilidad, etc. Tarsicio de Azcona.
260 ## - PUBLICACIÓN, DISTRIBUCIÓN, ETC.
Lugar de publicación, distribución, etc. Madrid :
Nombre del editor, distribuidor, etc. Consejo Superior de Investigaciones Científicas, Instituto P. Enrique Flórez,
Fecha de publicación, distribución, etc. 1960.
300 ## - DESCRIPCIÓN FÍSICA
Extensión XVI, 382 p. ;
Dimensiones 25 cm.
710 2# - ENTRADA AGREGADA--NOMBRE DE ENTIDAD CORPORATIVA
Nombre de entidad corporativa o nombre de jurisdicción como elemento de entrada Instituto de Historia Eclesiástica "Padre Enrique Flórez"
9 (RLIN) 4954
852 ## - LOCALIZACIÓN
Ubicación ES-MaACL
Número de control de estantería A-8197
Sublocalización o colección R.97387
Holdings
Estatus retirado Estado de pérdida Estado de daño No para préstamo Biblioteca de origen Biblioteca actual Ubicación en estantería Fecha de adquisición Fuente de adquisición Total de préstamos Signatura topográfica completa Código de barras Visto por última vez Precio de reemplazo Tipo de ítem Koha
        Biblioteca del Ateneo de Madrid Biblioteca del Ateneo de Madrid Sala Pecera Planta 1 17/01/2008     A-8197 1028984 23/02/2023 23/02/2023 Libro impreso